Текст томруулах:    
The Coming of the Mongols (Бичлэгийн дугаар. 144369)
000 -УДИРДЛАГА
Удирдлага 01520nam a2200325 4500
003 - ХЯНАЛТЫН ТОО ТОДОРХОЙЛОГЧ
Код MN-UlNUM
005 - БИЧИЛТ ХИЙСЭН ОГНОО
Тухайн бичилтийг бичсэн засварласан сүүлийн огноо 20251009095933.0
008 - ЕРӨНХИЙ МЭДЭЭЛЭЛ
Ерөнхий мэдээлэл 250930s2018 nyua|||| |||| 00| ||eng d
020 ## - ISBN
ISBN 9781788312851
040 ## - БИЧЛЭГ ҮҮСГЭГЧ БАЙГУУЛЛАГА
Бичлэг үүсгэгч номын сангийн код МУИС-ийн номын сан
084 ## - ББК АНГИЛАЛ
Нэмэлт тусгалт Нэвтэрхий толь бичиг
Мэдлэгийн ялгаа 63 - Түүх
ББК ангилал 63.3(1)
Зохиогчийн гурван тэмдэгт C 73
240 ## - Шифр - Номын наалт, тайланд хэрэглэх
Ангилалын дугаар /Зохиогчийн 3 тэмдэгт 63.3(1) C 73
245 04 - ҮНДСЭН ГАРЧИГ
Номын нэр The Coming of the Mongols
Оролцогчдын тухай мэдээ Edited by David O. Morgan, Sarah Stewart
260 ## - ГАРАЛТЫН МЭДЭЭ
Хэвлэгдсэн газар NY
Хэвлэлийн газар I.B. Tauris
Хэвлэгдсэн он 2018
300 ## - МАТЕРИАЛЫН ТОДОРХОЙЛОЛТ
хуудасны тоо 142
500 ## - Тайлбар
Дансны дугаар ГФ 20857
505 ## - Агуулгын тэмдэглэгээ
Агуулгын тэмдэглэгээ The Mongol invasions in the first half of the thirteenth century led to profound and shattering changes to the historical trajectory of Islamic West Asia. As this new volume in The Idea of Iran series suggests, sudden conquest from the east was preceded by events closer to home which laid the groundwork for the later Mongol success.
546 ## - ХЭЛНИЙ ТУХАЙ МЭДЭЭ
Хэл Англи хэл дээр,
653 ## - Түлхүүр үг
Түлхүүр үг history
653 ## - Түлхүүр үг
Түлхүүр үг history of Mongolia
653 ## - Түлхүүр үг
Түлхүүр үг history of Iran
740 ## - НОМЫН ГАРЧИГ
Гарчиг The Anushteginid Khwarazm-Shahs: Gentle Ascent and Catastrophic Decline C. E. Bosworth
740 ## - НОМЫН ГАРЧИГ
Гарчиг Periphery as Centre: The Ghurids between the Persianate and Indic Worlds Alka Patel
740 ## - НОМЫН ГАРЧИГ
Гарчиг The Mongols in Iran, 1219-1256 David O. Morgan
740 ## - НОМЫН ГАРЧИГ
Гарчиг Scholarship and Science under the Qara Khitai (1124-1218) Michal Biran
740 ## - НОМЫН ГАРЧИГ
Гарчиг Nezami's Giant Brain Tackles Eskandar's Sharafnameh: The Authorial Voice of the Poet-Scholar-Rewriter Christine van Ruymbeke
740 ## - НОМЫН ГАРЧИГ
Гарчиг Sa'di on Love and Morals Homa Katouzian
942 ## - ЭЛЕМЕНТИЙН ТӨРӨЛ
Зүйлийн төрөл Ном